<?xml version="1.0" encoding="UTF-8"?>
<record
    xmlns:xsi="http://www.w3.org/2001/XMLSchema-instance"
    xsi:schemaLocation="http://www.loc.gov/MARC21/slim http://www.loc.gov/standards/marcxml/schema/MARC21slim.xsd"
    xmlns="http://www.loc.gov/MARC21/slim">

  <leader>01807nam a22003617a 4500</leader>
  <controlfield tag="003">OSt</controlfield>
  <controlfield tag="005">20251105152137.0</controlfield>
  <controlfield tag="008">251105b           ||||| |||| 00| 0 spa d</controlfield>
  <datafield tag="020" ind1=" " ind2=" ">
    <subfield code="a">9789580716914</subfield>
  </datafield>
  <datafield tag="040" ind1=" " ind2=" ">
    <subfield code="c">CO-Mq BPB</subfield>
  </datafield>
  <datafield tag="041" ind1="0" ind2=" ">
    <subfield code="a">spa</subfield>
  </datafield>
  <datafield tag="043" ind1=" " ind2=" ">
    <subfield code="a">s-ck---</subfield>
  </datafield>
  <datafield tag="084" ind1=" " ind2=" ">
    <subfield code="a">C</subfield>
    <subfield code="b">ROMg</subfield>
  </datafield>
  <datafield tag="100" ind1=" " ind2=" ">
    <subfield code="a">Rom&#xE1;n, Celso,</subfield>
    <subfield code="d">1947-</subfield>
    <subfield code="e">aut</subfield>
    <subfield code="9">5397</subfield>
  </datafield>
  <datafield tag="245" ind1="1" ind2="0">
    <subfield code="a">Gigantes /</subfield>
    <subfield code="c">Celso Rom&#xE1;n ; ilustraciones de Alekos ; edici&#xF3;n Miguel &#xC1;ngel Rosado.</subfield>
  </datafield>
  <datafield tag="250" ind1=" " ind2=" ">
    <subfield code="a">Edici&#xF3;n especial</subfield>
  </datafield>
  <datafield tag="264" ind1=" " ind2="1">
    <subfield code="a">Bogot&#xE1;, Colombia :</subfield>
    <subfield code="b">Susaeta,</subfield>
    <subfield code="c">2024</subfield>
  </datafield>
  <datafield tag="300" ind1=" " ind2=" ">
    <subfield code="a">34 p&#xE1;ginas :</subfield>
    <subfield code="b">ilustraciones a color, tapa rustica;</subfield>
    <subfield code="c">22 cm</subfield>
  </datafield>
  <datafield tag="336" ind1=" " ind2=" ">
    <subfield code="a">texto</subfield>
    <subfield code="b">txt</subfield>
    <subfield code="2">rdacontenido</subfield>
  </datafield>
  <datafield tag="337" ind1=" " ind2=" ">
    <subfield code="a">sin mediaci&#xF3;n</subfield>
    <subfield code="b">n</subfield>
    <subfield code="2">rdamedio</subfield>
  </datafield>
  <datafield tag="338" ind1=" " ind2=" ">
    <subfield code="a">volumen</subfield>
    <subfield code="b">nc</subfield>
    <subfield code="2">rdasoporte</subfield>
  </datafield>
  <datafield tag="520" ind1=" " ind2=" ">
    <subfield code="a">Una colecci&#xF3;n especialmente pensada para motivar a los m&#xE1;s peque&#xF1;os. Con letra grande y manuscrita para facilitar la lectura, y muchos pictogramas divertidos. &#xA1;Adivina su significado o cons&#xFA;ltalo en el diccionario que hay en el libro! En esta ocasi&#xF3;n los protagonistas son los gigantes. Descubre las mejores historias y las an&#xE9;cdotas m&#xE1;s sorprendentes de estos peculiares personajes</subfield>
    <subfield code="u">https://www.casadellibro.com.co/libro-leo-y-veo-los-gigantes/9788430594092/710094</subfield>
  </datafield>
  <datafield tag="521" ind1=" " ind2=" ">
    <subfield code="a">Recomendado para un p&#xFA;blico infantil a partir de los 6 a&#xF1;os</subfield>
  </datafield>
  <datafield tag="545" ind1=" " ind2=" ">
    <subfield code="a">Incluye datos biogr&#xE1;ficos del autor</subfield>
  </datafield>
  <datafield tag="650" ind1="0" ind2="7">
    <subfield code="a">Educaci&#xF3;n ambiental</subfield>
    <subfield code="x">Literatura infantil</subfield>
    <subfield code="9">291856</subfield>
  </datafield>
  <datafield tag="650" ind1="0" ind2="7">
    <subfield code="a">Conservaci&#xF3;n de la naturaleza</subfield>
    <subfield code="x">Literatura infantil</subfield>
    <subfield code="9">10467</subfield>
    <subfield code="2">lemb</subfield>
  </datafield>
  <datafield tag="650" ind1="0" ind2="4">
    <subfield code="a">Cuentos infantiles colombianos</subfield>
    <subfield code="y">Siglo XXI</subfield>
    <subfield code="9">576</subfield>
  </datafield>
  <datafield tag="650" ind1="0" ind2="4">
    <subfield code="a">Literatura infantil colombiana</subfield>
    <subfield code="y">Siglo XXI</subfield>
    <subfield code="9">111975</subfield>
  </datafield>
  <datafield tag="700" ind1=" " ind2=" ">
    <subfield code="a">Alekos,</subfield>
    <subfield code="d">1953- ,</subfield>
    <subfield code="e">ill</subfield>
    <subfield code="9">281158</subfield>
  </datafield>
  <datafield tag="700" ind1=" " ind2=" ">
    <subfield code="a">Rosado, Miguel &#xC1;ngel</subfield>
    <subfield code="e">edt</subfield>
    <subfield code="9">291859</subfield>
  </datafield>
  <datafield tag="830" ind1=" " ind2=" ">
    <subfield code="a">Plan Nacional de lectura y escritura leer es mi cuento</subfield>
    <subfield code="9">176561</subfield>
  </datafield>
  <datafield tag="942" ind1=" " ind2=" ">
    <subfield code="c">BKINF</subfield>
  </datafield>
  <datafield tag="999" ind1=" " ind2=" ">
    <subfield code="c">16009</subfield>
    <subfield code="d">16009</subfield>
  </datafield>
  <datafield tag="952" ind1=" " ind2=" ">
    <subfield code="0">0</subfield>
    <subfield code="1">0</subfield>
    <subfield code="2">ddc</subfield>
    <subfield code="4">0</subfield>
    <subfield code="7">0</subfield>
    <subfield code="8">LI</subfield>
    <subfield code="a">MUS</subfield>
    <subfield code="b">MUS</subfield>
    <subfield code="c">FIC</subfield>
    <subfield code="d">2025-11-05</subfield>
    <subfield code="e">Donaci&#xF3;n Min. Cultura 2025</subfield>
    <subfield code="i">NT</subfield>
    <subfield code="l">0</subfield>
    <subfield code="o">C ROMg</subfield>
    <subfield code="p">MUS000508</subfield>
    <subfield code="r">2025-11-05</subfield>
    <subfield code="t">Ej.1</subfield>
    <subfield code="w">2025-11-05</subfield>
    <subfield code="y">BKINF</subfield>
    <subfield code="z">Quince dias</subfield>
  </datafield>
  <datafield tag="952" ind1=" " ind2=" ">
    <subfield code="0">0</subfield>
    <subfield code="1">0</subfield>
    <subfield code="2">ddc</subfield>
    <subfield code="4">0</subfield>
    <subfield code="7">0</subfield>
    <subfield code="8">LI</subfield>
    <subfield code="a">BPMOS</subfield>
    <subfield code="b">BPMOS</subfield>
    <subfield code="c">FIC</subfield>
    <subfield code="d">2025-12-03</subfield>
    <subfield code="e">Donaci&#xF3;n Min. Cultura 2025</subfield>
    <subfield code="i">NT</subfield>
    <subfield code="l">0</subfield>
    <subfield code="o">C ROMg</subfield>
    <subfield code="p">MOS504471</subfield>
    <subfield code="r">2025-12-03</subfield>
    <subfield code="t">Ej.1</subfield>
    <subfield code="w">2025-12-03</subfield>
    <subfield code="y">BKINF</subfield>
    <subfield code="z">Quince dias</subfield>
  </datafield>
</record>
